000 00604nam a22001577a 4500
008 150311b xxu||||| |||| 00| 0 spa d
020 _a978-987-01-1412-3
082 1 4 _214
_a336.2
100 1 _92799
_aD'Agostino, Hernán Miguel
245 1 0 _aFactura electrónica. /
_cHenán Miguel D'Agostino.
250 _a2a.ed.
260 _aBuenos Aires :
_bErrepar,
_c2012.
300 _a192 p.
500 _aRégimen general y regímenes especiales. Aspectos prácticos de la emisión de comprobantes. Consultas frecuentes y casos controvertidos. Facturas electrónica para monotributistas.
942 _2ddc
_cLIBRO
999 _c2623
_d2623
980 _81943
_gVALERIA BEATRIZ DOMÍNGUEZ